Word Ladder: GOP Contenders Quiz Stats

 Plays Quiz Updated Aug 14, 2017

Challenge
Share
Tweet
Embed
Score 0/23 Timer 03:00
6 Plays Today
Hint Word % Correct
Ice-skating arenaRINK
95.9%
Red and white togetherPINK
95.4%
The first 'N' in CNNNEWS
94.8%
Church benchesPEWS
93.5%
It might be built for bird eggsNEST
93.1%
• GOP challenger Gingrich• NEWT
92.8%
• Former contender Donald Trump's distinguishing physical feature• HAIR
92.1%
Two of a kindPAIR
91.6%
Facebook optionLIKE
91.2%
Type of precipitation that can really hurtHAIL
90.9%
• Former GOP front-runner Huckabee• MIKE
90.6%
• GOP front-runner Perry• RICK
89.7%
Hint Word % Correct
• GOP front-runner Romney• MITT
88.9%
Popular food stapleRICE
86.8%
Parasitic insectsLICE
86.6%
Tiny arachnid used often in word laddersMITE
85.5%
Beer orderPINT
85.4%
'Damn dirty ape' appendagesPAWS
82.2%
AnnoyancePEST
81.2%
Spanish word for 'country'PAÍS
80.6%
• Frequent GOP wild card Ron• PAUL
79.6%
Pull or drag with forceHAUL
79.1%
Repressed, confined (with 'up')PENT
78.4%

Today's Daily Dose

You're not logged in!

Compare scores with friends on all Sporcle quizzes.
OR
Log In

You Might Also Like...

Show Comments

Extras

Top Quizzes Today


Score Distribution

Your Account Isn't Verified!

In order to create a playlist on Sporcle, you need to verify the email address you used during registration. Go to your Sporcle Settings to finish the process.

Report this User

Report this user for behavior that violates our Community Guidelines.

Details: